000 00427nam a22001697a 4500
003 MPLRDC
005 20220104143402.0
008 210129b ||||| |||| 00| 0 eng d
020 _a967-966-190-3
082 _a524.965 CQY 1990
100 _a陈清玉等著
245 _a人文与环境图文指导
_c
260 _a
_bAMIZA
_c1990
300 _b
650 _a中等教育--自修用书
942 _cBK
_o524.965 CQY 1990
999 _c39388
_d39378